| 000 | 00928cam a2200313 a 4500 | ||
|---|---|---|---|
| 001 | 967263 | ||
| 003 | NUST | ||
| 005 | 20220509101241.0 | ||
| 008 | 841018s1983 enka b 001 0 eng c | ||
| 010 | _a 84673505 | ||
| 020 |
_a0709919182 : _c£12.95 |
||
| 038 | _awaseem | ||
| 040 |
_aMH _cMH _dDLC |
||
| 050 | 1 | 4 |
_aUA990 _b.O78x 1983b |
| 082 |
_a355.02 _bOSU |
||
| 100 | 1 |
_aO'Sullivan, Patrick Michael, _d1941- _991290 |
|
| 245 | 1 | 4 |
_aThe geography of warfare / _cPatrick O'Sullivan and Jesse W. Miller, Jr. |
| 260 |
_aLondon : _bCroom Helm, _cc1983. |
||
| 300 |
_a172 p. : _bill. ; _c23 cm. |
||
| 504 | _aIncludes bibliographies and index. | ||
| 563 | _aHBK. | ||
| 650 | 0 |
_aMilitary geography. _948855 |
|
| 650 | 0 |
_aGeopolitics. _983838 |
|
| 650 | 0 | _aStrategy. | |
| 650 | 0 |
_aTactics. _937945 |
|
| 700 | 1 |
_aMiller, Jesse W., _d1941- _991291 |
|
| 906 |
_a7 _bcbc _corignew _du _encip _f19 _gy-gencatlg |
||
| 942 |
_2ddc _cBK |
||
| 999 |
_c589494 _d589494 |
||